[Event "ODJM B 2016"]
[Site "Willingen GER"]
[Date "2016.05.20"]
[Round "8"]
[White "Oberhofer, Marie"]
[Black "Müller, Marvin"]
[Result "1/2-1/2"]
[Termination "normal"]
[Board "1"]
[WhiteElo "1601"]
[BlackElo "1480"]
[PlyCount "84"]
[WhiteFideId "12938165"]
[BlackFideId "16214528"]
[EventCountry "GER"]
[EventRounds "9"]
[EventType "swiss"]
[EventDate "2016.05.14"]

1. e4 c5 2. Nf3 e6 3. d4 cxd4 4. Nxd4 a6 5. Bd3 Qc7 6. O-O b5 7. a4 b4 8. Bd2
Nf6 9. c3 bxc3 10. Bxc3 Bb7 11. Re1 d6 12. Nd2 Nbd7 13. N2b3 d5 14. exd5 Bxd5
15. Nd2 Bd6 16. h3 O-O 17. N4f3 Rfe8 18. Rc1 Qb7 19. Qe2 Bf4 20. Rb1 e5 21. Ne4
Nxe4 22. Bxe4 Bc6 23. Qc2 Bxe4 24. Rxe4 Rac8 25. Ree1 e4 26. Nh4 Qc6 27. Qd1
Nf6 28. Nf5 Qc5 29. Ne3 Rcd8 30. Qe2 Qc6 31. Rbd1 Qxa4 32. Bxf6 Rxd1 33. Rxd1
Bxe3 34. fxe3 gxf6 35. Rd6 Re6 36. Qg4+ Kf8 37. Rxe6 fxe6 38. Qxe6 Kg7 39. Qg4+
Kf7 40. Qe2 Qc6 41. Qd2 Qb7 42. Qc3 Kg6 1/2-1/2

[Event "ODJM B 2016"]
[Site "Willingen GER"]
[Date "2016.05.20"]
[Round "8"]
[White "Wu, Erik"]
[Black "Arnold, Leander"]
[Result "1-0"]
[Termination "normal"]
[Board "2"]
[WhiteElo "1462"]
[BlackElo "1618"]
[PlyCount "67"]
[WhiteFideId "12977489"]
[BlackFideId "12990230"]
[EventCountry "GER"]
[EventRounds "9"]
[EventType "swiss"]
[EventDate "2016.05.14"]

1. e4 e6 2. d4 d5 3. exd5 exd5 4. c4 Nf6 5. Nc3 Be7 6. Nf3 O-O 7. Bd3 Nc6 8.
O-O Nb4 9. Be2 dxc4 10. Bxc4 Nbd5 11. Qb3 c6 12. a4 h6 13. Ne5 Nb6 14. Bxf7+
Rxf7 15. Qxf7+ Kh8 16. Ng6+ Kh7 17. Nxe7 Qe8 18. Qxe8 Nxe8 19. d5 cxd5 20.
Nexd5 Nd7 21. Ne7 Nef6 22. Nxc8 Rxc8 23. Be3 a6 24. Rac1 Re8 25. b4 Ng4 26.
Rfe1 Rf8 27. h3 Nge5 28. Rcd1 Nb8 29. Bc5 Re8 30. Bd6 Nbd7 31. Bxe5 Rxe5 32.
Rxe5 Nxe5 33. f4 Nc4 34. Rd7 1-0

[Event "ODJM B 2016"]
[Site "Willingen GER"]
[Date "2016.05.20"]
[Round "8"]
[White "Zwecker, Conrad"]
[Black "Rapp, Lukas"]
[Result "0-1"]
[Termination "normal"]
[Board "3"]
[WhiteElo "1430"]
[BlackElo "1572"]
[PlyCount "64"]
[WhiteFideId "12971391"]
[BlackFideId "12989320"]
[EventCountry "GER"]
[EventRounds "9"]
[EventType "swiss"]
[EventDate "2016.05.14"]

1. e4 c5 2. Nf3 d6 3. Bb5+ Nd7 4. O-O Ngf6 5. Re1 a6 6. Bf1 e6 7. c3 g6 8. d4
cxd4 9. cxd4 Bg7 10. Bg5 Qc7 11. Nc3 O-O 12. Rc1 Qb6 13. Qd2 e5 14. dxe5 Nxe5
15. Nxe5 dxe5 16. Re3 Be6 17. Nd5 Nxd5 18. exd5 Bf5 19. Be7 Rfe8 20. d6 Bh6 21.
Rcc3 Qd4 22. Qe2 Bxe3 23. Rxe3 e4 24. g4 Be6 25. Rxe4 Qg7 26. g5 Bf5 27. Rc4
Be6 28. Rc7 Qd4 29. Qd3 Qxd3 30. Bxd3 Rec8 31. Rxb7 Rc1+ 32. Bf1 Bh3 0-1

[Event "ODJM B 2016"]
[Site "Willingen GER"]
[Date "2016.05.20"]
[Round "8"]
[White "Kolb, Verena"]
[Black "Fromm, Marius"]
[Result "1/2-1/2"]
[Termination "normal"]
[Board "4"]
[WhiteElo "1650"]
[BlackElo "1596"]
[PlyCount "96"]
[WhiteFideId "12992313"]
[BlackFideId "12993190"]
[EventCountry "GER"]
[EventRounds "9"]
[EventType "swiss"]
[EventDate "2016.05.14"]

1. e4 c5 2. Nc3 a6 3. d3 b5 4. Be3 e6 5. g3 Bb7 6. Bg2 Be7 7. Qd2 Nf6 8. Nge2
O-O 9. h3 d5 10. exd5 exd5 11. d4 c4 12. a3 Nbd7 13. O-O Nb6 14. Rad1 Bc6 15.
Kh2 a5 16. Qc1 b4 17. Nb1 Ba4 18. Rde1 Qd7 19. c3 bxa3 20. Nxa3 Bxa3 21. bxa3
Rab8 22. Bg5 Ne8 23. h4 f6 24. Bf4 Nc7 25. Bh3 Qf7 26. Bd6 Rfe8 27. Qf4 Rb7 28.
Bxc7 Qxc7 29. Qxc7 Rxc7 30. Nf4 Rce7 31. Rxe7 Rxe7 32. Rb1 Bb3 33. Be6+ Kh8 34.
Bxd5 g5 35. hxg5 fxg5 36. Bxc4 Bxc4 37. Rxb6 gxf4 38. gxf4 Re2 39. Rb8+ Kg7 40.
Rb7+ Kg6 41. Rb6+ Kf5 42. Rc6 Bb3 43. Kg3 a4 44. Rc5+ Kf6 45. Rc6+ Kf5 46. Rc5+
Ke4 47. Re5+ Kd3 48. Rxe2 Kxe2 1/2-1/2

[Event "ODJM B 2016"]
[Site "Willingen GER"]
[Date "2016.05.20"]
[Round "8"]
[White "Leimbach, Tim Vincent"]
[Black "Lilienthal, Niels Bennett"]
[Result "1/2-1/2"]
[Termination "normal"]
[Board "6"]
[WhiteElo "1640"]
[BlackElo "1558"]
[PlyCount "62"]
[WhiteFideId "12988600"]
[BlackFideId "16205421"]
[EventCountry "GER"]
[EventRounds "9"]
[EventType "swiss"]
[EventDate "2016.05.14"]

1. e4 e5 2. Bc4 Nf6 3. Nf3 Nc6 4. Ng5 d5 5. exd5 Na5 6. Bb5+ Bd7 7. Qe2 Bd6 8.
Nc3 O-O 9. Bxd7 Qxd7 10. O-O Rfe8 11. Nge4 Nxe4 12. Nxe4 Be7 13. d3 Qxd5 14.
Nc3 Qd6 15. Re1 Nc6 16. Be3 a6 17. a3 Rad8 18. Ne4 Qg6 19. Nc5 Bxc5 20. Bxc5
Nd4 21. Bxd4 Rxd4 22. Rad1 Qc6 23. c3 Rdd8 24. f3 Re6 25. Rd2 Qb6+ 26. Qe3
Qxe3+ 27. Rxe3 Rde8 28. Kf2 f6 29. Rde2 Kf7 30. g4 g5 31. h3 h6 1/2-1/2

[Event "ODJM B 2016"]
[Site "Willingen GER"]
[Date "2016.05.20"]
[Round "8"]
[White "Reyher, Susan"]
[Black "Leßmann, Sönke"]
[Result "1/2-1/2"]
[Termination "normal"]
[Board "9"]
[WhiteElo "1761"]
[BlackElo "1408"]
[PlyCount "92"]
[WhiteFideId "24686107"]
[BlackFideId "16222520"]
[EventCountry "GER"]
[EventRounds "9"]
[EventType "swiss"]
[EventDate "2016.05.14"]

1. e4 e5 2. Bc4 Nc6 3. Nf3 Bc5 4. Nc3 d6 5. h3 Nf6 6. d3 h6 7. Be3 Bb6 8. O-O
Ne7 9. Bxb6 axb6 10. Nh4 g5 11. Qf3 Neg8 12. Nf5 Bxf5 13. exf5 c6 14. Rfe1 Qc7
15. d4 O-O-O 16. d5 Rh7 17. a4 Ne7 18. b4 cxd5 19. Bxd5 Nexd5 20. Nxd5 Nxd5 21.
Qxd5 Kd7 22. Rxe5 Qc6 23. Qd3 Rhh8 24. b5 Qc7 25. Rae1 Rde8 26. Rxe8 Rxe8 27.
Rxe8 Kxe8 28. Qe4+ Qe7 29. Qf3 Qe1+ 30. Kh2 Qe5+ 31. g3 d5 32. Qe3 Qxe3 33.
fxe3 Ke7 34. Kg2 Kf6 35. g4 Ke5 36. Kf3 Kd6 37. e4 d4 38. Ke2 Ke5 39. Kd3 f6
40. c3 dxc3 41. Kxc3 Kxe4 42. Kc4 Ke5 43. Kb4 Kd4 44. a5 bxa5+ 45. Kxa5 Kc5 46.
b6 Kc4 1/2-1/2

[Event "ODJM B 2016"]
[Site "Willingen GER"]
[Date "2016.05.20"]
[Round "8"]
[White "Rachor, Felix"]
[Black "Grey, Andrea"]
[Result "1/2-1/2"]
[Termination "normal"]
[Board "10"]
[WhiteElo "1580"]
[BlackElo "1428"]
[PlyCount "81"]
[WhiteFideId "16200209"]
[BlackFideId "12971880"]
[EventCountry "GER"]
[EventRounds "9"]
[EventType "swiss"]
[EventDate "2016.05.14"]

1. e4 d6 2. d4 g6 3. f4 Bg7 4. Be3 Nd7 5. Nf3 e6 6. Nc3 Ne7 7. Qd2 d5 8. exd5
exd5 9. O-O-O Nb6 10. Be2 Be6 11. Rhf1 a6 12. b3 Qd6 13. Kb2 O-O-O 14. Ne5 Nc6
15. h3 f6 16. Nd3 Rde8 17. Nc5 Re7 18. Rfe1 Rhe8 19. Bf3 Bh6 20. Kb1 Kb8 21. g4
Bg7 22. Bf2 Bf7 23. Rxe7 Rxe7 24. Bh4 Re8 25. f5 g5 26. Be1 Bf8 27. h4 h6 28.
Bf2 Qd8 29. N3a4 Nxa4 30. Nxa4 Bd6 31. Re1 Bf4 32. Rxe8 Qxe8 33. Qe2 Qd8 34.
hxg5 hxg5 35. Be3 Bd6 36. Qg2 Bb4 37. c3 Be7 38. Qh2 Kc8 39. Qg2 Kb8 40. Ka1
Qd7 41. Qh2 1/2-1/2

[Event "ODJM B 2016"]
[Site "Willingen GER"]
[Date "2016.05.20"]
[Round "8"]
[White "Frank, Marek"]
[Black "Giede, Anna-Blume"]
[Result "1-0"]
[Termination "normal"]
[Board "11"]
[WhiteElo "1386"]
[BlackElo "1506"]
[PlyCount "49"]
[WhiteFideId "16239520"]
[BlackFideId "12921980"]
[EventCountry "GER"]
[EventRounds "9"]
[EventType "swiss"]
[EventDate "2016.05.14"]

1. e4 c6 2. d4 d5 3. exd5 cxd5 4. Bd3 Nc6 5. c3 Nf6 6. Bf4 e6 7. Nf3 Bd6 8.
Bxd6 Qxd6 9. O-O O-O 10. Nbd2 Bd7 11. Re1 Rac8 12. Ne5 Rfd8 13. Ndf3 Be8 14. a3
Na5 15. Nd2 b6 16. f4 Qe7 17. f5 Bd7 18. Ndf3 Qf8 19. Nxd7 Nxd7 20. fxe6 fxe6
21. Rxe6 Re8 22. Qe2 Nf6 23. Re1 Nb7 24. Ba6 Qf7 25. Ng5 1-0

[Event "ODJM B 2016"]
[Site "Willingen GER"]
[Date "2016.05.20"]
[Round "8"]
[White "Ponomarev, Maximilian"]
[Black "Haase, Dominik"]
[Result "0-1"]
[Termination "normal"]
[Board "12"]
[WhiteElo "1554"]
[BlackElo "1468"]
[PlyCount "72"]
[WhiteFideId "16216768"]
[BlackFideId "16208781"]
[EventCountry "GER"]
[EventRounds "9"]
[EventType "swiss"]
[EventDate "2016.05.14"]

1. e4 e6 2. d4 d5 3. Nd2 Nf6 4. e5 Nfd7 5. Bd3 c5 6. c3 Nc6 7. Ne2 cxd4 8. cxd4
f6 9. exf6 Nxf6 10. O-O Bd6 11. Nb3 Qc7 12. h3 O-O 13. Nc3 a6 14. Be3 b6 15.
Rc1 Qb7 16. Qc2 Nb4 17. Qd2 Nxd3 18. Qxd3 Bd7 19. f3 Be8 20. Qe2 Nh5 21. Bd2
Bf7 22. Qd1 Rae8 23. Re1 Bg6 24. Ne2 h6 25. a3 e5 26. dxe5 Rxe5 27. Bc3 Re3 28.
Qd4 Rfe8 29. Kf2 Qe7 30. Qxd5+ Bf7 31. Qd1 Rxe2+ 32. Rxe2 Qxe2+ 33. Qxe2 Rxe2+
34. Kxe2 Bxb3 35. Kf2 Nf4 36. Ra1 Bc5+ 0-1

[Event "ODJM B 2016"]
[Site "Willingen GER"]
[Date "2016.05.20"]
[Round "8"]
[White "Caliebe, Nanke"]
[Black "Zeng, Xiaoyang-Alex"]
[Result "1/2-1/2"]
[Termination "normal"]
[Board "13"]
[WhiteElo "1478"]
[BlackElo "1357"]
[PlyCount "76"]
[WhiteFideId "12980528"]
[EventCountry "GER"]
[EventRounds "9"]
[EventType "swiss"]
[EventDate "2016.05.14"]

1. d4 g6 2. Nf3 Bg7 3. Bf4 d6 4. h3 Nd7 5. e3 e5 6. dxe5 dxe5 7. Bh2 e4 8. Nd4
a6 9. c3 Ngf6 10. Bc4 O-O 11. Nd2 c5 12. Ne2 b5 13. Bb3 c4 14. Bc2 Nc5 15. O-O
Nd3 16. b3 Re8 17. bxc4 Nb2 18. Qc1 Nxc4 19. Nxc4 bxc4 20. Rd1 Qb6 21. Rd4 Qc6
22. Qd1 Qe6 23. Ba4 Rf8 24. Nf4 Qf5 25. Rxc4 Be6 26. Nxe6 Qxe6 27. Rc6 Qd5 28.
Rd6 Qa5 29. c4 Rfd8 30. Rxd8+ Rxd8 31. Qb3 Ng4 32. Rd1 Rxd1+ 33. Qxd1 Nxh2 34.
Kxh2 Qc7+ 35. g3 Qxc4 36. Qd8+ Bf8 37. Bb3 Qc6 38. Qd5 Qf6 1/2-1/2

[Event "ODJM B 2016"]
[Site "Willingen GER"]
[Date "2016.05.20"]
[Round "8"]
[White "Rokohl, Florian"]
[Black "Knerr, Sebastian"]
[Result "1-0"]
[Termination "normal"]
[Board "14"]
[WhiteElo "1397"]
[BlackElo "1418"]
[PlyCount "79"]
[WhiteFideId "16229738"]
[BlackFideId "16266013"]
[EventCountry "GER"]
[EventRounds "9"]
[EventType "swiss"]
[EventDate "2016.05.14"]

1. e4 e5 2. Nf3 Nf6 3. Nc3 Bb4 4. Bc4 Nc6 5. d3 d6 6. O-O Bg4 7. Bb5 O-O 8. a3
Bc5 9. Na4 Nd4 10. Nxc5 dxc5 11. Bc4 b5 12. Ba2 Nxf3+ 13. gxf3 Bh3 14. Re1 Nh5
15. Kh1 Nf4 16. Bxf4 exf4 17. Rg1 Qh4 18. Qd2 Qh5 19. Qxf4 Rab8 20. Rg5 Qh6 21.
Rag1 Kh8 22. Qxc7 Qf6 23. R5g3 Qxb2 24. Bxf7 Qf6 25. Rxh3 Qxf7 26. Qxf7 Rxf7
27. Rg5 Rc8 28. Rd5 Kg8 29. Kg2 Rfc7 30. Rhh5 c4 31. Rxb5 cxd3 32. cxd3 Rc2 33.
Ra5 Ra2 34. Rhf5 Rcc2 35. Rxa7 g6 36. Rff7 g5 37. Rg7+ Kf8 38. Rxg5 Rxf2+ 39.
Kg3 Rg2+ 40. Kf4 1-0

[Event "ODJM B 2016"]
[Site "Willingen GER"]
[Date "2016.05.20"]
[Round "8"]
[White "Jahrke, Jonas"]
[Black "Borgmann, Simon"]
[Result "1-0"]
[Termination "normal"]
[Board "15"]
[WhiteElo "1526"]
[BlackElo "1318"]
[PlyCount "85"]
[WhiteFideId "12984353"]
[BlackFideId "16234677"]
[EventCountry "GER"]
[EventRounds "9"]
[EventType "swiss"]
[EventDate "2016.05.14"]

1. e4 e5 2. Nf3 Nc6 3. Bc4 Bc5 4. c3 Nf6 5. d4 exd4 6. e5 d5 7. Bb5 Ne4 8. cxd4
Bb6 9. O-O Bd7 10. Nc3 Bf5 11. Bxc6+ bxc6 12. Be3 O-O 13. Nxe4 Bxe4 14. Ng5 Bf5
15. f4 f6 16. Nf3 Qe7 17. Rc1 Qd7 18. h3 Be4 19. Kh2 Bxf3 20. Rxf3 fxe5 21.
fxe5 Rxf3 22. gxf3 Rf8 23. f4 a5 24. Qg4 Qe8 25. b3 g6 26. Qg2 Rf5 27. Qc2 Kf7
28. Qxc6 Qe6 29. Qxe6+ Kxe6 30. Kg3 Kd7 31. a3 Rf8 32. Kg4 Rf5 33. b4 a4 34. b5
h5+ 35. Kf3 Rf8 36. Rg1 Rg8 37. f5 g5 38. Rxg5 Rxg5 39. Bxg5 Bxd4 40. e6+ Ke8
41. f6 Bc5 42. f7+ Kf8 43. Bh6+ 1-0

[Event "ODJM B 2016"]
[Site "Willingen GER"]
[Date "2016.05.20"]
[Round "8"]
[White "Klühs, Gustaf"]
[Black "Zell, Mirjam"]
[Result "1/2-1/2"]
[Termination "normal"]
[Board "16"]
[WhiteElo "1249"]
[BlackElo "1677"]
[PlyCount "62"]
[WhiteFideId "16228936"]
[BlackFideId "16208544"]
[EventCountry "GER"]
[EventRounds "9"]
[EventType "swiss"]
[EventDate "2016.05.14"]

1. d4 d5 2. Nf3 Nf6 3. e3 e6 4. Bd3 Nbd7 5. O-O Be7 6. Nbd2 O-O 7. c3 b6 8. e4
dxe4 9. Nxe4 Bb7 10. Nxf6+ Nxf6 11. Bf4 Rc8 12. h3 c5 13. dxc5 Rxc5 14. Be3 Rd5
15. Ne1 Ba6 16. Bd4 Bxd3 17. Nxd3 Bc5 18. Bxf6 Qxf6 19. Qe2 Be7 20. Rad1 Rfd8
21. Nc1 h6 22. Rxd5 Rxd5 23. Rd1 Qf5 24. Rxd5 Qxd5 25. Qd3 Qxd3 26. Nxd3 Bd6
27. b3 Kf8 28. Kf1 Ke7 29. Ke2 Kd7 30. Ke3 Kc6 31. h4 Kd5 1/2-1/2

[Event "ODJM B 2016"]
[Site "Willingen GER"]
[Date "2016.05.20"]
[Round "8"]
[White "Frank, Carolin"]
[Black "Schranz, Patrick"]
[Result "0-1"]
[Termination "normal"]
[Board "17"]
[WhiteElo "1407"]
[BlackElo "1493"]
[PlyCount "120"]
[WhiteFideId "16207190"]
[BlackFideId "12987298"]
[EventCountry "GER"]
[EventRounds "9"]
[EventType "swiss"]
[EventDate "2016.05.14"]

1. Nf3 d5 2. g3 c5 3. Bg2 e6 4. c4 Nf6 5. O-O Bd6 6. cxd5 exd5 7. d4 O-O 8.
dxc5 Bxc5 9. Nc3 Nc6 10. Bg5 Be7 11. Nh4 d4 12. Bxf6 Bxf6 13. Nb5 Bxh4 14. gxh4
Qxh4 15. Qd3 Rd8 16. Qg3 Qxg3 17. hxg3 a6 18. Bxc6 bxc6 19. Na3 Be6 20. Rfd1
Rab8 21. b3 Rd5 22. Rac1 c5 23. Nc4 g6 24. e3 d3 25. Rc3 Rbd8 26. e4 Rd4 27. e5
Bxc4 28. bxc4 Re4 29. f4 d2 30. Kf1 Rdd4 31. Rc2 Rxc4 32. Rcxd2 Ra4 33. Rc1 c4
34. Rc3 g5 35. Rf2 g4 36. Rd2 Rb4 37. Kf2 Rb1 38. Re3 Rxe3 39. Kxe3 Rc1 40.
Rd8+ Kg7 41. Rc8 Rc3+ 42. Kf2 Rc2+ 43. Kg1 c3 44. a4 Rc1+ 45. Kg2 Kg6 46. Rc6+
Kf5 47. Rf6+ Ke4 48. Rxf7 Rc2+ 49. Kf1 Kf3 50. Ke1 Re2+ 51. Kd1 Re3 52. Kc2
Kxg3 53. f5 Rxe5 54. f6 Kf2 55. Rxh7 Re8 56. f7 Rf8 57. Rg7 g3 58. Rg8 Rxf7 59.
Rh8 g2 60. Rh2 Kf1 0-1

[Event "ODJM B 2016"]
[Site "Willingen GER"]
[Date "2016.05.20"]
[Round "8"]
[White "Rockmann, Enno"]
[Black "Schulze, Lukas"]
[Result "0-1"]
[Termination "normal"]
[Board "18"]
[WhiteElo "1414"]
[BlackElo "1299"]
[PlyCount "44"]
[WhiteFideId "12982920"]
[BlackFideId "12956856"]
[EventCountry "GER"]
[EventRounds "9"]
[EventType "swiss"]
[EventDate "2016.05.14"]

1. e4 Nc6 2. Nf3 f5 3. Nc3 fxe4 4. Nxe4 d5 5. Ng3 e5 6. Bb5 Qd6 7. Qe2 e4 8.
Nd4 Bd7 9. Bxc6 Bxc6 10. Nxc6 Qxc6 11. Qh5+ Kd7 12. O-O Rd8 13. Qf5+ Qe6 14.
Qxe6+ Kxe6 15. Re1 Bc5 16. d3 Nf6 17. dxe4 dxe4 18. Nxe4 Nxe4 19. Rxe4+ Kf5 20.
Re1 Rhe8 21. Rxe8 Rd1+ 22. Re1 Rxe1# 0-1

[Event "ODJM B 2016"]
[Site "Willingen GER"]
[Date "2016.05.20"]
[Round "8"]
[White "Burdot, Clara"]
[Black "Wagner, Victoria"]
[Result "0-1"]
[Termination "normal"]
[Board "19"]
[WhiteElo "921"]
[BlackElo "1395"]
[PlyCount "120"]
[WhiteFideId "4004779"]
[BlackFideId "16232348"]
[EventCountry "GER"]
[EventRounds "9"]
[EventType "swiss"]
[EventDate "2016.05.14"]

1. e4 c5 2. c3 d6 3. d4 Nf6 4. dxc5 Nc6 5. cxd6 Nxe4 6. Bd3 Nxd6 7. Nf3 e5 8.
O-O Be7 9. Re1 Bg4 10. h3 Bxf3 11. Qxf3 O-O 12. Bd2 Qd7 13. Na3 Rad8 14. Nc4
Nxc4 15. Qe4 Qxd3 16. Qxd3 Rxd3 17. Bc1 Rfd8 18. b3 Rd1 19. Kf1 Rxe1+ 20. Kxe1
Nd6 21. Be3 f5 22. Rd1 Ne4 23. Rxd8+ Bxd8 24. c4 f4 25. Bc1 Bh4 26. Bb2 Bxf2+
27. Ke2 Bd4 28. Bxd4 Nxd4+ 29. Kd3 Nf6 30. Kd2 Kf7 31. b4 b6 32. Kc3 Ke6 33. c5
Kd5 34. cxb6 axb6 35. a4 e4 36. a5 bxa5 37. bxa5 Kc5 38. a6 f3 39. gxf3 exf3
40. a7 Nb5+ 41. Kd3 Nxa7 42. Ke3 Nc6 43. Kxf3 Kd5 44. Kf4 Ke6 45. Kg5 Ke5 46.
Kh4 h6 47. Kg3 Ke4 48. h4 Ne5 49. Kh3 Kf4 50. Kg2 Kg4 51. h5 Nxh5 52. Kf1 Kf3
53. Kg1 Kg3 54. Kf1 Kh2 55. Kf2 g5 56. Kf1 g4 57. Ke1 g3 58. Ke2 g2 59. Ke3
g1=Q+ 60. Ke2 Qg3 0-1

[Event "ODJM B 2016"]
[Site "Willingen GER"]
[Date "2016.05.20"]
[Round "8"]
[White "Schilay, Maria"]
[Black "Ziegenfuß, Larissa"]
[Result "1/2-1/2"]
[Termination "normal"]
[Board "20"]
[WhiteElo "1210"]
[BlackElo "1526"]
[PlyCount "71"]
[WhiteFideId "12942979"]
[BlackFideId "12974722"]
[EventCountry "GER"]
[EventRounds "9"]
[EventType "swiss"]
[EventDate "2016.05.14"]

1. e4 c5 2. Nc3 e6 3. g3 Nc6 4. Bg2 Nf6 5. d3 Be7 6. Be3 O-O 7. f4 d5 8. e5 Nd7
9. Bd2 Qb6 10. a3 a6 11. Nf3 Qc7 12. O-O b5 13. Na2 Bb7 14. b4 c4 15. d4 Qb6
16. c3 Ra7 17. Qc2 Rfa8 18. Qb2 a5 19. Kh1 axb4 20. Nxb4 Nxb4 21. axb4 Ra4 22.
Rae1 Ra3 23. Ra1 Rxa1 24. Rxa1 Rxa1+ 25. Qxa1 Qa6 26. Qxa6 Bxa6 27. h4 Nb6 28.
g4 Na4 29. g5 g6 30. Kh2 Nb2 31. Bf1 Na4 32. Kg3 Bb7 33. Kg4 Kg7 34. h5 Bc6 35.
hxg6 hxg6 36. Be2 1/2-1/2

[Event "ODJM B 2016"]
[Site "Willingen GER"]
[Date "2016.05.20"]
[Round "8"]
[White "Chalabi, Tom"]
[Black "Reuter, Max"]
[Result "1-0"]
[Termination "normal"]
[Board "21"]
[WhiteElo "1365"]
[BlackElo "1268"]
[PlyCount "49"]
[WhiteFideId "4003012"]
[BlackFideId "16263715"]
[EventCountry "GER"]
[EventRounds "9"]
[EventType "swiss"]
[EventDate "2016.05.14"]

1. e4 c5 2. d4 cxd4 3. c3 dxc3 4. Nxc3 Nc6 5. Bc4 e6 6. Nf3 a6 7. O-O Qc7 8.
Bb3 b5 9. Qe2 Nge7 10. Bg5 h6 11. Be3 Bb7 12. Rac1 Qd8 13. Rfd1 d6 14. Bc5 Nc8
15. e5 b4 16. exd6 Qd7 17. Nd5 Bxd6 18. Bxd6 Nxd6 19. Nb6 Qd8 20. Nxa8 Bxa8 21.
Ba4 Qc7 22. Nd4 Kd7 23. Nxc6 Bxc6 24. Bxc6+ Ke7 25. Bf3 1-0

[Event "ODJM B 2016"]
[Site "Willingen GER"]
[Date "2016.05.20"]
[Round "8"]
[White "Roth, Ludwig"]
[Black "Rempe, Mieke"]
[Result "0-1"]
[Termination "normal"]
[Board "22"]
[WhiteElo "1291"]
[BlackElo "1345"]
[PlyCount "60"]
[WhiteFideId "12952621"]
[BlackFideId "16202384"]
[EventCountry "GER"]
[EventRounds "9"]
[EventType "swiss"]
[EventDate "2016.05.14"]

1. e4 e5 2. Nf3 Nc6 3. d4 exd4 4. Nxd4 Bc5 5. Be3 Qf6 6. c3 Nge7 7. Bc4 O-O 8.
O-O Ne5 9. Bb3 d6 10. Qd2 Qg6 11. f3 Be6 12. Nxe6 fxe6 13. Bxc5 Nxf3+ 14. Rxf3
Rxf3 15. Bxe6+ Kh8 16. Bd4 Raf8 17. Bc4 d5 18. exd5 Nxd5 19. Na3 Nb6 20. Be2
R3f7 21. Nc4 Nd7 22. Bf3 Rxf3 23. Bxa7 Rd3 24. Qe2 b6 25. Ne5 Nxe5 26. Qxe5 Rd2
27. g3 Rff2 28. Bxb6 Rg2+ 29. Kf1 Qd3+ 30. Ke1 Rge2+ 0-1

[Event "ODJM B 2016"]
[Site "Willingen GER"]
[Date "2016.05.20"]
[Round "8"]
[White "von Pückler, Konstantin"]
[Black "Rempe, Jonas"]
[Result "1-0"]
[Termination "normal"]
[Board "23"]
[WhiteElo "1327"]
[BlackElo "1245"]
[PlyCount "133"]
[WhiteFideId "16205847"]
[BlackFideId "16202406"]
[EventCountry "GER"]
[EventRounds "9"]
[EventType "swiss"]
[EventDate "2016.05.14"]

1. d4 Nf6 2. c4 g6 3. Nc3 Bg7 4. e4 d6 5. f3 O-O 6. Be3 Nc6 7. Nge2 e5 8. d5
Ne7 9. Qd2 c6 10. g4 cxd5 11. cxd5 b6 12. Ng3 Kh8 13. Bh6 Rg8 14. Bxg7+ Rxg7
15. h4 Bb7 16. g5 Nh5 17. Nxh5 gxh5 18. f4 Ng6 19. f5 Nf4 20. Ne2 Nxe2 21. Bxe2
Rc8 22. Rc1 Rc7 23. Bxh5 Qc8 24. Rxc7 Qxc7 25. Qc3 Qd7 26. Qf3 Rg8 27. Rg1 Qa4
28. a3 Rc8 29. Qe3 Bxd5 30. Bf3 Ba2 31. Bd1 Qc6 32. g6 Bb1 33. Rg4 fxg6 34.
fxg6 Qc1 35. Qxc1 Rxc1 36. g7+ Kg8 37. Kd2 Rxd1+ 38. Kxd1 Ba2 39. Kc2 Bf7 40.
Kc3 Bg6 41. Kb4 a6 42. Kc4 Bf7+ 43. Kb4 Bg6 44. a4 Bf7 45. Rg1 d5 46. exd5 Bxd5
47. Rd1 Bf3 48. Rd6 e4 49. Rxb6 e3 50. Re6 e2 51. Re7 Bg4 52. Ka5 h5 53. Kxa6
Bf3 54. b4 Kh7 55. b5 Bg4 56. b6 e1=Q 57. Rxe1 Kxg7 58. b7 Bf5 59. b8=Q Bd3+
60. Qb5 Bxb5+ 61. axb5 Kf6 62. b6 Kf7 63. b7 Kf6 64. b8=Q Kf7 65. Qd6 Kg8 66.
Re7 Kf8 67. Qd8# 1-0

[Event "ODJM B 2016"]
[Site "Willingen GER"]
[Date "2016.05.20"]
[Round "8"]
[White "Seliokaite, Ana"]
[Black "Stork, Christopher"]
[Result "1-0"]
[Termination "normal"]
[Board "24"]
[WhiteElo "1138"]
[BlackElo "1654"]
[PlyCount "27"]
[WhiteFideId "16224817"]
[BlackFideId "16215400"]
[EventCountry "GER"]
[EventRounds "9"]
[EventType "swiss"]
[EventDate "2016.05.14"]

1. e4 c5 2. Nc3 Nc6 3. f4 d6 4. Bc4 g6 5. Nf3 Bg7 6. d3 e5 7. O-O Nge7 8. Nd5
O-O 9. Nxe7+ Qxe7 10. Qe1 Kh8 11. Ng5 f5 12. fxe5 Nxe5 13. Bd5 Bf6 14. Qh4 1-0

[Event "ODJM B 2016"]
[Site "Willingen GER"]
[Date "2016.05.20"]
[Round "8"]
[White "Rosenhain, Jonathan"]
[Black "Grone, Lion"]
[Result "0-1"]
[Termination "normal"]
[Board "26"]
[WhiteElo "1222"]
[BlackElo "1392"]
[PlyCount "82"]
[WhiteFideId "16212169"]
[BlackFideId "16245032"]
[EventCountry "GER"]
[EventRounds "9"]
[EventType "swiss"]
[EventDate "2016.05.14"]

1. e4 e6 2. d4 d5 3. Nc3 Bb4 4. Bd3 c5 5. dxc5 d4 6. a3 Qa5 7. axb4 Qxa1 8.
Nce2 e5 9. Qd2 Nf6 10. Qg5 O-O 11. Qxe5 Nc6 12. Qc7 Nxb4 13. Nf3 Nc6 14. O-O
Qa5 15. Qg3 Qxc5 16. e5 Ne8 17. Qh4 g6 18. Bh6 Nxe5 19. Nxe5 Qxe5 20. Bxf8 Kxf8
21. Qxh7 Nc7 22. Qh6+ Kg8 23. Qf4 Qxf4 24. Nxf4 Ne6 25. Nxe6 Bxe6 26. Re1 a6
27. Be4 Bf5 28. Bxf5 gxf5 29. Re7 b5 30. Rd7 Rc8 31. h3 Rxc2 32. Rxd4 Rxb2 33.
Rf4 a5 34. Kf1 a4 35. Rf3 b4 36. Rxf5 a3 37. Ra5 a2 38. Kg1 Rb1+ 39. Kh2 a1=Q
40. Rxa1 Rxa1 41. Kg3 b3 0-1

[Event "ODJM B 2016"]
[Site "Willingen GER"]
[Date "2016.05.20"]
[Round "8"]
[White "Arnold, Alexandria"]
[Black "Unbehend, Marius"]
[Result "1/2-1/2"]
[Termination "normal"]
[Board "27"]
[WhiteElo "1047"]
[BlackElo "1311"]
[PlyCount "50"]
[WhiteFideId "16205383"]
[BlackFideId "16214420"]
[EventCountry "GER"]
[EventRounds "9"]
[EventType "swiss"]
[EventDate "2016.05.14"]

1. e4 e6 2. d3 d5 3. Nd2 Nf6 4. Ngf3 c5 5. g3 Nc6 6. Bg2 dxe4 7. dxe4 e5 8. O-O
h6 9. Nc4 Qc7 10. Re1 Be6 11. Qe2 Bg4 12. Qd3 Rd8 13. Qc3 Bxf3 14. Bxf3 Be7 15.
b3 O-O 16. Bg2 Rfe8 17. Bb2 Nd4 18. Ne3 Bd6 19. Qd3 Rd7 20. Bxd4 cxd4 21. Bh3
Rdd8 22. Nf5 Bb4 23. Re2 Qc3 24. Qxc3 Bxc3 25. Rb1 d3 1/2-1/2